000 00745cam a2200193 4500
001 WB3524-24
008 000000n1999 000 0 eng u
035 _a(Sirsi) u101972
245 4 _aThe factories that pollute rivers.
260 _c1999
490 _aIndependent
_v22 June 1999, 11(1)
520 _aLists the ten factories which discharge the most alkylphenols into rivers in Britain. Alkylphenols are toxic and have been shown to change the sex of fish. The worst site is the ICI Chemicals factory in Wilton, Cleveland which discharged 8.1 tonnes into the Tees in 1998. Map.
650 _aPOLLUTION
650 _aFACTORIES
650 _aRIVERS
650 _aWILDLIFE
690 _aENVIRONMENTAL AND LAND CONSULTANCY
942 _n0
999 _c61066
_d61066